000 07970ncm0a2200541 4500
001 RU\NLR\ONIZ\198579
005 20250624194841.0
035 _a(NLR Aleph) 010889174
071 2 0 _aс 2454 к
090 _a10542718
_c10542718
100 _a20140815d1996 |||y0rusy50 ca
101 0 _arus
102 _aRU
200 1 _aНовый год
_bНоты
_eсценарий дет. праздника с нот. прилож.
_f[авт.-сост. А. А. Иванова, М. Г. Станченко]
210 _aСанкт-Петербург
_cКомпозитор-Санкт-Петербург
_d1996
215 _a45 с.
_d29 см
225 1 _aДетские праздники
327 1 _a1. Полька : (для входа в зал : для фп.) / А. Красев.
_a2. Елочная : (песня-хоровод : для голоса с фп.) / музыка и сл. Р. Козловского.
_a3. Под Новый год : "Под Новый год, как в сказке..." : (песня-хоровод : для голоса с фп.) / Е. Зарицкая ; сл. В. Шумилина.
_a4. Вальс : (к танцу снежинок : для фп.) / А. Верстовский.
_a5. Вальс : (к танцу ёлочек : для фп.) / А. Гречанинов.
_a6. Вальс : (к танцу снегирей : для фп.) / А. Жилин.
_a7. Фонарики : (песня-танец : для голоса с фп.) / Л. Гуртова ; сл. Н. Вересокиной.
_a8. Наша ёлочка : (песня хоровод : для голоса с фп.) / музыка и сл. А. Штерна.
_a9. В лесу родилась ёлочка : (песня-хоровод : для голоса с фп.) / Л. Бекман ; сл. Р. Кудашевой.
_a10. Калинка : рус. нар. песня : (к пляске скоморохов : для фп.) / обраб. А. Астафьевой.
_a11. Марш : (к выходу солдатиков : для фп.) / М. Старокадомский.
_a12. Вальс : (к танцу кукол : для фп.) / А. Петров.
_a13. Шёл весёлый Дед Мороз : (для голоса с фп.) / музыка и сл. Н. Вересокиной ;
_a14. Игра в снежки : (для голоса с фп.) / музыка и сл. Н. Вересокиной.
_a15. Рождество : "Пушистый снег покрыл поля..." : (для голоса с фп.);
_a16. Рождество Христово : (колядка : для голоса без сопровожд.)
464 0 _12001#$aПолька$e(для входа в зал$eдля фп.)$fА. Красев
_1215##$aС.18
_1701#1$9z01790$aКрасев$bА.$4230
_1790#1$9z01701$aKrasev$bA.$4230
_tПолька
464 0 _12001#$aЕлочная$e(песня-хоровод$eдля голоса с фп.)$fмузыка и сл. Р. Козловского
_1215##$aС.19
_1701#1$9z01790$aКозловский$bР.$4230
_1790#1$9z01701$aKozlovskij$bR.$4230
_tЕлочная
464 0 _12001#$aПод Новый год$e"Под Новый год, как в сказке..."$e(песня-хоровод$eдля голоса с фп.)$fЕ. Зарицкая$gсл. В. Шумилина
_1215##$aС.20-22
_1701#1$9z01790$aЗарицкая$bЕ. Б.$gЕвгения Борисовна$4230$7ca
_1702#1$9z01790$aШумилин$bВ.$cавтор слов$4520
_1790#1$9z01701$aZarickaja$bE. B.$gEvgenija Borisovna$4230$7ba
_1790#1$9z01702$aShumilin$bV.$4520
_tПод Новый год
464 0 _12001#$aВальс$e(к танцу снежинок$eдля фп.)$fА. Верстовский
_1215##$aС.23
_1701#1$9z01790$aВерстовский$bА.Н.$gАлексей Николаевич$f1799-1862$4230$7ca
_1790#1$9z01701$aVerstovsky$bA. N.$gAlexsei Nikolaevich$f1799-1862$4230$7ba
_tВальс
464 0 _12001#$aВальс$e(к танцу ёлочек$eдля фп.)$fА. Гречанинов
_1215##$aС.24-25
_1701#1$9z01790$aГречанинов$bА. Т.$gАлександр Тихонович$f1864 - 1956$4230$7ca
_1790#1$9z01701$aGrechaninov$bA. T.$gAleksandr Tixonovich$f1864 - 1956$4230$7ba
_tВальс
464 0 _12001#$aВальс$e(к танцу снегирей$eдля фп.)$fА. Жилин
_1215##$aС.26-27
_1701#1$9z01790$aЖилин$bА.$4230
_1790#1$9z01701$aZhilin$bA.$4230
_tВальс
464 0 _12001#$aФонарики$e(песня-танец$eдля голоса с фп.)$fЛ. Гуртова$gсл. Н. Вересокиной
_1215##$aС.28
_1701#1$9z01790$aГуртова$bЛ.$4230
_1702#1$9z02790$aВересокина$bН.$4520
_1790#1$9z01701$aGurtova$bL.$4230
_1790#1$9z02702$aVeresokina$bN.$4520
_tФонарики
464 0 _12001#$aНаша ёлочка$e(песня хоровод$eдля голоса с фп.)$fмузыка и сл. А. Штерна
_1215##$aС.29-30
_1701#1$9z01790$aШтерн$bА.$4070
_1790#1$9z01701$aShtern$bA.$4070
_tНаша ёлочка
464 0 _12001#$aВ лесу родилась ёлочка$e(песня-хоровод$eдля голоса с фп.)$fЛ. Бекман$gсл. Р. Кудашевой
_1215##$aС.31
_1701#1$9z01790$aБекман$bЛ. К.$gЛеонид Карлович$f1872-1939$4070$7ca
_1702#1$9z02790$aКудашева$bР. А.$gРаиса Адамовна$f1878-1964$4520
_1790#1$9z01701$aBekman$bL. K.$gLeonid Karlovič$f1872-1939$4070$7ba
_1790#1$9z02702$aKudasheva$bR. A.$gRaisa Adamovna$f1878-1964$4520
_tВ лесу родилась ёлочка
464 0 _12001#$aКалинка$eрус. нар. песня$e(к пляске скоморохов$eдля фп.)$fобраб. А. Астафьевой
_1215##$aС.32
_1702#1$9z01790$aАстафьева$bА.$4070
_1790#1$9z01702$aAstaf`eva$bA.$4070
_tКалинка
464 0 _12001#$aМарш$e(к выходу солдатиков$eдля фп.)$fМ. Старокадомский
_1215##$aС.33
_1701#1$9z01790$aСтарокадомский$bМ. Л.$gМихаил Леонидович$f1901-1954$4230
_1790#1$9z01701$aStarokadomskyi$bM. L.$gMikhail Leonidovich$f1901-1954$4230
_tМарш
464 0 _12001#$aВальс$e(к танцу кукол$eдля фп.)$fА. Петров
_1215##$aС.34-35
_1701#1$9z01790$aПетров$bА. П.$gАндрей Павлович$cкомп.$f1930 - 2006$4230
_1790#1$9z01701$aPetrov$bA. P.$gAndrej Pavlovich$f1930 - 2006$4230
_tВальс
464 0 _12001#$aШёл весёлый Дед Мороз$e(для голоса с фп.)$fмузыка и сл. Н. Вересокиной
_1215##$aС.36
_1701#1$9z01790$aВересокина$bН.$4070
_1790#1$9z01701$aVeresokina$bN.$4070
_tШёл весёлый Дед Мороз
464 0 _12001#$aИгра в снежки$e(для голоса с фп.)$fмузыка и сл. Н. Вересокиной
_1215##$aС.37
_1701#1$9z01790$aВересокина$bН.$4070
_1790#1$9z01701$aVeresokina$bN.$4070
_tИгра в снежки
464 0 _12001#$aРождество$e"Пушистый снег покрыл поля..."$e(для голоса с фп.)
_1215##$aС.38-39
_tРождество
464 0 _12001#$aРождество Христово$e(колядка$eдля голоса без сопровожд.)
_1215##$aС.40
_tРождество Христово
606 1 _aДетские праздники
_xНовый год
_yРоссия
_z20-21 век
_2nlr_sh
686 _aЩ987.6(2Р=Рус)
_vLBC/SL
_2rubbk
700 1 _9z05790
_aИванова
_bА. А.
_gАлла Александровна
_4220
702 1 _9z04790
_aСтанченко
_bМ. Г.
_gМаргарита Геннадиевна
_4220
790 1 _9z04702
_aStanchenko
_bM. G.
_gMargarita Gennadievna
_4220
790 1 _9z05700
_aIvanova
_bA. A.
_gAlla Aleksandrovna
_4220
801 0 _aRU
_bNLR
_c20140815
_gPSBO
801 1 _aRU
_bNLR
_c20140815
_2rusmarc
801 2 _aRU
_bNLR
_c20160530
852 _aNLR
_bМ
_jК-3/26377
_p278898
_t1
942 _cSCORE
980 _aNB
980 _aONIZ